000 00257nam a22000977a 4500
999 _c508446
_d508446
082 _aA99 B651/IIn2
100 _aGovernment of India
_93776
245 _aNetaji Inquiry Committee Report
260 _aNew Delhi
_bGovernment of India Press
_c1956
300 _a71p.